Ay Aab e Rud e Ganga / (Record no. 526640)
[ view plain ]
| 000 -LEADER | |
|---|---|
| fixed length control field | 00533nam a22001817a 4500 |
| 003 - CONTROL NUMBER IDENTIFIER | |
| control field | NUST |
| 020 ## - INTERNATIONAL STANDARD BOOK NUMBER | |
| Qualifying information | PBK |
| 038 ## - RECORD CONTENT LICENSOR | |
| Staff Name | Faiza |
| 082 ## - DEWEY DECIMAL CLASSIFICATION NUMBER | |
| Classification number | 915.4 |
| Author Mark | RAF |
| 100 ## - MAIN ENTRY--PERSONAL NAME | |
| Personal name | Dogar, Rafique |
| 9 (RLIN) | 17640 |
| 245 ## - TITLE STATEMENT | |
| Title | Ay Aab e Rud e Ganga / |
| Statement of responsibility, etc. | Rafique Dogar |
| 260 ## - PUBLICATION, DISTRIBUTION, ETC. | |
| Place of publication, distribution, etc. | Lahore : |
| Name of publisher, distributor, etc. | Deed Shaneed Publications, |
| Date of publication, distribution, etc. | 1981. |
| 300 ## - PHYSICAL DESCRIPTION | |
| Extent | 304 p. ; |
| 880 ## - ALTERNATE GRAPHIC REPRESENTATION | |
| Linkage | 100-01\r |
| Title | رفیق ڈوگر |
| 880 ## - ALTERNATE GRAPHIC REPRESENTATION | |
| Linkage | 245-02\r |
| Title | اے آبِ رودِ گنگا / |
| 880 ## - ALTERNATE GRAPHIC REPRESENTATION | |
| Linkage | 260-03\r |
| Title | لاہور : |
| b | دید شنید پبلیکیشنز, |
| c | ۱۹۸۱. |
| 942 ## - ADDED ENTRY ELEMENTS (KOHA) | |
| Source of classification or shelving scheme | |
| Koha item type | Book |
| Withdrawn status | Lost status | Source of classification or shelving scheme | Damaged status | Not for loan | Permanent Location | Current Location | Date acquired | Total Checkouts | Full call number | Barcode | Date last seen | Price effective from | Koha item type |
|---|---|---|---|---|---|---|---|---|---|---|---|---|---|
| Central Library (CL) | Central Library (CL) | 07/15/2019 | 915.4 RAF | CL-E-184 | 07/15/2019 | 07/15/2019 | Book |
